[Event "Dortmund"]
[Site "Dortmund GER"]
[Date "2007.06.29"]
[EventDate "2007.06.23"]
[Round "5"]
[Result "1/2-1/2"]
[White "Arkadij Naiditsch"]
[Black "Evgeny Alekseev"]
[WhiteElo "2654"]
[BlackElo "2679"]
[PlyCount "99"]

1. d4 Nf6 2. c4 e6 3. Nc3 Bb4 4. e3 c5 5. a3 Bxc3+ 6. bxc3 Nc6
7. Bd3 O-O 8. Ne2 b6 9. e4 Ne8 10. O-O Ba6 11. f4 f6 12. e5 f5
13. Qa4 Na5 14. dxc5 bxc5 15. Be3 Qc7 16. Rfd1 d6 17. Rab1 Rf7
18. Nc1 Bb7 19. Rb5 a6 20. Rxa5 Bc6 21. exd6 Nxd6 22. Rxa6
Bxa4 23. Rxa8+ Be8 24. Be2 Rf8 25. Nd3 Ne4 26. Bf3 Nxc3
27. Rc1 Na4 28. Ne5 g5 29. Rb1 Nb6 30. Ra6 gxf4 31. Bxf4 Nxc4
32. Ng6 Qg7 33. Nxf8 Qd4+ 34. Kh1 Qxf4 35. Nxe6 Qe5 36. Ng5
Bg6 37. Ra7 Nd6 38. h4 h6 39. Nh3 c4 40. Rf1 Bf7 41. a4 c3
42. a5 c2 43. a6 Qc5 44. Ra8+ Kg7 45. Rc1 Bd5 46. Rd8 Qe3
47. Rxc2 Qe1+ 48. Kh2 Qe5+ 49. Kh1 Qe1+ 50. Kh2 1/2-1/2

[Event "6th Aeroflot Festival"]
[Site "Moscow RUS"]
[Date "2007.02.14"]
[EventDate "2007.02.14"]
[Round "1"]
[Result "0-1"]
[White "Ildar Khairullin"]
[Black "Arkadij Naiditsch"]
[WhiteElo "2586"]
[BlackElo "2663"]
[PlyCount "80"]

1. e4 e5 2. Nf3 Nc6 3. Bb5 Nf6 4. O-O Nxe4 5. d4 Nd6 6. Bxc6
dxc6 7. dxe5 Nf5 8. Qxd8+ Kxd8 9. Nc3 Ne7 10. h3 h6 11. Be3
Ke8 12. Rad1 Bd7 13. a3 Rd8 14. Rd2 Be6 15. Nd4 Nd5 16. Nxe6
fxe6 17. Rd3 Nxe3 18. Rxe3 Bc5 19. Re2 Bd4 20. Nd1 Rd5 21. c3
Bb6 22. b4 c5 23. Nb2 Rf8 24. Rc1 cxb4 25. cxb4 Kd7 26. Nc4
Bd4 27. Na5 b5 28. Nc6 Bb6 29. Rec2 Rd3 30. Kf1 Rxa3 31. Rd1+
Kc8 32. f3 g5 33. Ne7+ Kb7 34. Nc6 Rb3 35. Nd8+ Kc8 36. Nxe6
Re8 37. Rd6 Rxb4 38. Rdc6 Kd7 39. Ng7 Rb1+ 40. Ke2 Rxe5+ 0-1

[Event "6th Aeroflot Festival"]
[Site "Moscow RUS"]
[Date "2007.02.15"]
[EventDate "2007.02.14"]
[Round "2"]
[Result "1/2-1/2"]
[White "Arkadij Naiditsch"]
[Black "Vladimir Belov"]
[WhiteElo "2663"]
[BlackElo "2600"]
[PlyCount "82"]

1. e4 c5 2. Nf3 d6 3. d4 cxd4 4. Nxd4 Nf6 5. Nc3 a6 6. Be3 e6
7. g4 e5 8. Nf5 g6 9. g5 gxf5 10. exf5 d5 11. gxf6 d4 12. Bc4
Qc7 13. Qd3 dxe3 14. f4 Bb4 15. O-O-O Bxc3 16. bxc3 Nc6
17. Rhg1 Rf8 18. Qxe3 Bxf5 19. Qc5 Rd8 20. Bd5 Rxd5 21. Rxd5
Be6 22. Rd6 exf4 23. Rg7 Bd7 24. Rd1 Be6 25. Re1 Qc8 26. Qd6
Qd7 27. Qxf4 Qd8 28. Reg1 Qb8 29. Qh6 Qd6 30. R1g2 Qa3+
31. Kd1 Qxc3 32. R7g3 Qa1+ 33. Kd2 Qd4+ 34. Kc1 Qa1+ 35. Kd2
Qd4+ 36. Kc1 Qc5 37. Rd2 Qe5 38. c3 Qc5 39. Qf4 Qe5 40. Qf2
Qa5 41. Qf4 Qe5 1/2-1/2

[Event "6th Aeroflot Festival"]
[Site "Moscow RUS"]
[Date "2007.02.16"]
[EventDate "2007.02.14"]
[Round "3"]
[Result "1/2-1/2"]
[White "Evgeny Najer"]
[Black "Arkadij Naiditsch"]
[WhiteElo "2605"]
[BlackElo "2663"]
[PlyCount "61"]

1. e4 e5 2. Nf3 Nc6 3. d4 exd4 4. Nxd4 Bc5 5. Nxc6 Qf6 6. Qf3
Qxf3 7. gxf3 bxc6 8. Be3 Bxe3 9. fxe3 Ne7 10. Nc3 f5 11. e5 d6
12. Rg1 g6 13. exd6 cxd6 14. O-O-O Kd7 15. h4 Kc7 16. Bc4 Bd7
17. Ne2 d5 18. Bb3 a5 19. a3 Rae8 20. c4 dxc4 21. Bxc4 Nc8
22. Rd3 Nb6 23. Ba2 c5 24. Nf4 c4 25. Rc3 Kb7 26. Bxc4 Nxc4
27. Rxc4 Bc6 28. Kd2 Rd8+ 29. Kc3 Rhe8 30. Re1 Bxf3 31. b4
1/2-1/2

[Event "6th Aeroflot Festival"]
[Site "Moscow RUS"]
[Date "2007.02.17"]
[EventDate "2007.02.14"]
[Round "4"]
[Result "0-1"]
[White "Arkadij Naiditsch"]
[Black "Jaan Ehlvest"]
[WhiteElo "2663"]
[BlackElo "2610"]
[PlyCount "88"]

1. e4 e5 2. Nf3 Nc6 3. Bb5 a6 4. Ba4 Nf6 5. O-O Be7 6. Re1 b5
7. Bb3 O-O 8. a4 Bb7 9. d3 d6 10. Nc3 Na5 11. Ba2 b4 12. Ne2
Rb8 13. Ng3 c5 14. Nf5 Bc8 15. N3h4 Ne8 16. Nxe7+ Qxe7 17. g3
Be6 18. c3 Bxa2 19. Rxa2 Qe6 20. c4 Nc6 21. b3 Nd4 22. Be3 g6
23. f4 Ng7 24. Rf2 exf4 25. gxf4 f5 26. Bxd4 cxd4 27. Nf3 Qf6
28. e5 dxe5 29. Rxe5 Rfe8 30. Rfe2 Rxe5 31. Rxe5 Nh5 32. Qc1
Rd8 33. c5 Qf7 34. c6 Qxb3 35. c7 Rc8 36. Re7 Qc3 37. Qb1 Rxc7
38. Rxc7 Qxc7 39. Qb3+ Kg7 40. Qxb4 Qc1+ 41. Kg2 Nxf4+ 42. Kg3
Qe3 43. Qxd4+ Qxd4 44. Nxd4 Nxd3 0-1

[Event "6th Aeroflot Festival"]
[Site "Moscow RUS"]
[Date "2007.02.19"]
[EventDate "2007.02.14"]
[Round "6"]
[Result "1/2-1/2"]
[White "Arkadij Naiditsch"]
[Black "Anton Shomoev"]
[WhiteElo "2663"]
[BlackElo "2556"]
[PlyCount "93"]

1. e4 c5 2. Nf3 d6 3. d4 cxd4 4. Nxd4 Nf6 5. Nc3 a6 6. h3 e6
7. g4 b5 8. Bg2 Bb7 9. a3 h6 10. Qe2 Nbd7 11. f4 Rc8 12. O-O
e5 13. Nf5 g6 14. Ne3 exf4 15. Rxf4 Bg7 16. a4 bxa4 17. e5
dxe5 18. Bxb7 exf4 19. Nc4+ Kf8 20. Bxc8 Qxc8 21. Bxf4 g5
22. Bd6+ Kg8 23. Ne3 Bf8 24. Bxf8 Kxf8 25. Rxa4 h5 26. Rc4 Qd8
27. Qd2 hxg4 28. hxg4 Qb6 29. Rc8+ Kg7 30. Na4 Qa7 31. Qf2
Rh1+ 32. Kxh1 Qb7+ 33. Kg1 Qxc8 34. Nf5+ Kf8 35. Nb6 Qc5
36. Nxd7+ Nxd7 37. Qxc5+ Nxc5 38. Kf2 Nd7 39. b4 Ne5 40. Kg3
Ke8 41. Nd6+ Ke7 42. Ne4 Nc6 43. c3 f6 44. Nc5 a5 45. bxa5
Nxa5 46. Kf3 Kd6 47. Nd3 1/2-1/2

[Event "6th Aeroflot Festival"]
[Site "Moscow RUS"]
[Date "2007.02.21"]
[EventDate "2007.02.14"]
[Round "8"]
[Result "1-0"]
[White "Arkadij Naiditsch"]
[Black "Yifan Hou"]
[WhiteElo "2663"]
[BlackElo "2509"]
[PlyCount "101"]

1. e4 c5 2. Nc3 d6 3. Nge2 Nf6 4. d4 cxd4 5. Nxd4 a6 6. Be3 e5
7. Nb3 Be7 8. Be2 Be6 9. O-O O-O 10. Qd2 Nbd7 11. a4 Rc8
12. a5 Qc7 13. Rfd1 Nc5 14. Nxc5 dxc5 15. f3 Rfd8 16. Qe1 Rxd1
17. Bxd1 c4 18. Na4 Nd7 19. Be2 h6 20. g3 Qc6 21. Kg2 Qb5
22. Bd2 Qc6 23. Bb4 Bxb4 24. Qxb4 Nc5 25. Nb6 Rd8 26. Nxc4 Rd4
27. c3 Nd3 28. Nxe5 Rxb4 29. Nxc6 Rxb2 30. Nd4 Bc4 31. Kf1 Ne5
32. Re1 Ra2 33. f4 Nd3 34. Rd1 Nb2 35. Rd2 Ra1+ 36. Kf2 Bxe2
37. Rxb2 Bc4 38. Rb4 Ra2+ 39. Ke3 Bf1 40. Rxb7 Rxa5 41. Rb1
Bc4 42. Nc6 Ra3 43. Kd4 Bb5 44. Ne7+ Kh7 45. c4 Ra4 46. Rc1
Bd7 47. Ke5 Ra2 48. c5 Rd2 49. Nd5 Rxh2 50. c6 f6+ 51. Kd6 1-0

[Event "European Individual Championships"]
[Site "Dresden GER"]
[Date "2007.04.03"]
[EventDate "2007.04.03"]
[Round "1"]
[Result "1-0"]
[White "Klaudiusz Urban"]
[Black "Arkadij Naiditsch"]
[WhiteElo "2452"]
[BlackElo "2663"]
[PlyCount "99"]

1. Nf3 Nf6 2. c4 c5 3. g3 d5 4. d4 cxd4 5. Bg2 dxc4 6. Qxd4
Qxd4 7. Nxd4 e5 8. Nb5 Na6 9. O-O Rb8 10. Nxa7 Bd7 11. Nc3 Nc7
12. a4 Bc5 13. Nab5 Nxb5 14. Nxb5 Ke7 15. Bd2 Rhd8 16. Ba5 b6
17. Bc3 e4 18. e3 Bc6 19. Rfc1 Ra8 20. Bf1 Rd3 21. Na3 Bd5
22. Nxc4 Bxc4 23. Bxf6+ Kxf6 24. Rxc4 Rb3 25. Rxe4 Rxb2
26. Rd1 Rb4 27. Rxb4 Bxb4 28. Bb5 Ra7 29. h4 g6 30. Kg2 h6
31. Rd4 Bc5 32. Rd5 g5 33. hxg5+ hxg5 34. Kf3 Be7 35. Kg4 Ke6
36. e4 Rc7 37. f3 f6 38. Rd2 Bd6 39. Rh2 Rc1 40. Rg2 Be5
41. Ba6 Ra1 42. Bc4+ Ke7 43. Bb5 Ke6 44. Bc4+ Ke7 45. Bb5 Ke6
46. f4 gxf4 47. gxf4 Bd4 48. Rd2 Rg1+ 49. Kf3 Rf1+ 50. Bxf1
1-0

[Event "European Individual Championships"]
[Site "Dresden GER"]
[Date "2007.04.04"]
[EventDate "2007.04.03"]
[Round "2"]
[Result "1-0"]
[White "Arkadij Naiditsch"]
[Black "Peter John Sowray"]
[WhiteElo "2663"]
[BlackElo "2325"]
[PlyCount "75"]

1. e4 c5 2. Nf3 a6 3. c3 d5 4. exd5 Nf6 5. c4 e6 6. dxe6 Bxe6
7. Be2 Nc6 8. d3 Bd6 9. Nc3 Qc7 10. Bg5 O-O-O 11. Qb3 Rhe8
12. Ne4 Be5 13. O-O Nd4 14. Nxd4 Rxd4 15. Ng3 h5 16. Rfe1 h4
17. Nf1 h3 18. g3 Qc6 19. f3 Ng4 20. Ne3 f6 21. fxg4 fxg5
22. Rf1 Bxg4 23. Bxg4+ Rxg4 24. Nd5 Bxg3 25. Qd1 Bf2+ 26. Kh1
Rg2 27. Qf3 g4 28. Qf5+ Qe6 29. Qxe6+ Rxe6 30. Nf4 Rh6
31. Nxg2 hxg2+ 32. Kxg2 Bd4 33. Rae1 Bxb2 34. Rf7 Kb8 35. Rb1
Be5 36. Rbxb7+ Ka8 37. Ra7+ Kb8 38. Rae7 1-0

[Event "European Individual Championships"]
[Site "Dresden GER"]
[Date "2007.04.05"]
[EventDate "2007.04.03"]
[Round "3"]
[Result "0-1"]
[White "Mihai-Lucian Grunberg"]
[Black "Arkadij Naiditsch"]
[WhiteElo "2439"]
[BlackElo "2663"]
[PlyCount "148"]

1. Nf3 Nf6 2. c4 e6 3. g3 d5 4. Bg2 dxc4 5. Qa4+ Nbd7 6. Qxc4
a6 7. Qb3 Rb8 8. d4 b5 9. O-O Bb7 10. Bf4 Bd6 11. Bxd6 cxd6
12. Nbd2 O-O 13. Rfc1 Qb6 14. Rc2 Rfc8 15. Rac1 Rxc2 16. Qxc2
h6 17. Nb3 Rc8 18. Qd2 Rc4 19. Ne1 Bxg2 20. Nxg2 Ne4 21. Qe3
d5 22. Nf4 a5 23. Nd3 Qc7 24. f3 Nd6 25. Qd2 Nb7 26. e3 f6
27. Na1 b4 28. b3 Rxc1+ 29. Qxc1 Qxc1+ 30. Nxc1 Nd6 31. Kf2
Nb5 32. Ke2 e5 33. Kd3 Kf7 34. Nc2 Ke6 35. Ne2 g5 36. e4 dxe4+
37. fxe4 Kd6 38. Kc4 Nxd4 39. Nexd4 exd4 40. Kxd4 Ne5 41. h3
h5 42. Ne3 Nf3+ 43. Kd3 Ng1 44. h4 gxh4 45. Nc4+ Kc5 46. gxh4
Nf3 47. Nxa5 Nxh4 48. Nb7+ Kc6 49. Na5+ Kb5 50. Nb7 Nf3
51. Ke3 Ne5 52. Nd6+ Kc5 53. Ne8 Nd7 54. Ng7 h4 55. Nf5 h3
56. Kf3 Ne5+ 57. Kg3 Nd3 58. Kxh3 Nf2+ 59. Kg3 Nxe4+ 60. Kf4
Nc3 61. Ng3 Nxa2 62. Ne4+ Kd4 63. Nxf6 Nc1 64. Kf3 Nxb3
65. Ke2 Na5 66. Kd1 b3 67. Nh5 Kc3 68. Ng3 Kb2 69. Ne4 Ka1
70. Nd2 b2 71. Kc2 Ka2 72. Nb1 Nc4 73. Nc3+ Ka1 74. Kb3 Ne3
0-1

[Event "European Individual Championships"]
[Site "Dresden GER"]
[Date "2007.04.07"]
[EventDate "2007.04.03"]
[Round "5"]
[Result "0-1"]
[White "Dmitry Andreikin"]
[Black "Arkadij Naiditsch"]
[WhiteElo "2509"]
[BlackElo "2663"]
[PlyCount "111"]

1. Nf3 Nf6 2. d4 e6 3. Bg5 c5 4. e3 Qb6 5. Qc1 Nc6 6. c3 d5
7. Nbd2 Bd6 8. Bd3 e5 9. Bxf6 gxf6 10. e4 Be6 11. exd5 Bxd5
12. Be4 Bxe4 13. Nxe4 O-O-O 14. d5 Ne7 15. Nxf6 h6 16. Qc2 Bc7
17. Ng4 e4 18. Nd2 Nxd5 19. Ne3 Nf4 20. Nxe4 f5 21. Nxf5 Nxg2+
22. Kf1 Nf4 23. Rg1 Qe6 24. Rg7 Rhe8 25. f3 Rd3 26. Re1 Kb8
27. Nfg3 h5 28. Qf2 h4 29. Ng5 hxg3 30. hxg3 Qxe1+ 31. Qxe1
Rxe1+ 32. Kxe1 Nh5 33. Rg8+ Rd8 34. Rxd8+ Bxd8 35. Ne4 Kc7
36. Ke2 Kc6 37. f4 Kd5 38. Kf3 Bc7 39. Nd2 Ng7 40. Kg4 b5
41. Kg5 c4 42. Nf3 Ne6+ 43. Kf5 a5 44. Ne1 Bb6 45. Nc2 b4
46. g4 b3 47. axb3 cxb3 48. Na3 Be3 49. c4+ Kd6 50. Nb5+ Ke7
51. Ke4 Bxf4 52. Kd3 Be5 53. c5 Bxb2 54. Kc4 a4 55. c6 Nd4
56. Na7 0-1

[Event "European Individual Championships"]
[Site "Dresden GER"]
[Date "2007.04.08"]
[EventDate "2007.04.03"]
[Round "6"]
[Result "1-0"]
[White "Arkadij Naiditsch"]
[Black "Mikhailo Oleksienko"]
[WhiteElo "2663"]
[BlackElo "2541"]
[PlyCount "69"]

1. Nf3 Nf6 2. c4 e6 3. Nc3 c5 4. g3 b6 5. Bg2 Bb7 6. O-O Be7
7. Re1 O-O 8. e4 d6 9. d4 a6 10. d5 exd5 11. cxd5 b5 12. e5
dxe5 13. Nxe5 Bd6 14. Nc6 Qc7 15. Bg5 Nxc6 16. dxc6 Bxc6
17. Bxf6 gxf6 18. Nd5 Bxd5 19. Bxd5 Rae8 20. Qg4+ Kh8 21. Qf5
Kg7 22. Be4 Rh8 23. Qg4+ Kf8 24. Qh5 h6 25. Bd5 Re5 26. Rxe5
Bxe5 27. a4 b4 28. Rc1 Bd4 29. b3 a5 30. Re1 Qd7 31. Bc4 Be5
32. Rd1 Bd4 33. Qxc5+ Bxc5 34. Rxd7 Rh7 35. Kg2 1-0

[Event "European Individual Championships"]
[Site "Dresden GER"]
[Date "2007.04.09"]
[EventDate "2007.04.03"]
[Round "7"]
[Result "1/2-1/2"]
[White "Ian Nepomniachtchi"]
[Black "Arkadij Naiditsch"]
[WhiteElo "2587"]
[BlackElo "2663"]
[PlyCount "70"]

1. e4 e5 2. Nf3 Nc6 3. Bc4 Nf6 4. d3 Be7 5. O-O O-O 6. Bb3 d5
7. exd5 Nxd5 8. Re1 Bg4 9. h3 Bxf3 10. Qxf3 Nd4 11. Qe4 c6
12. Qxe5 Bf6 13. Qh5 Nb4 14. Qd1 a5 15. Na3 b5 16. c3 Nxb3
17. Qxb3 Nxd3 18. Rd1 Nxc1 19. Raxc1 Qe7 20. Nc2 Rfd8 21. Nd4
a4 22. Qc2 Bxd4 23. cxd4 Rd6 24. Qc5 Qd7 25. Re1 g6 26. Re4
Rd8 27. b3 axb3 28. axb3 Rxd4 29. Rxd4 Qxd4 30. Qxc6 Qb2
31. Qc7 Kg7 32. Qc3+ Qxc3 33. Rxc3 Rd1+ 34. Kh2 Rb1 35. g4 Kf6
1/2-1/2

[Event "European Individual Championships"]
[Site "Dresden GER"]
[Date "2007.04.12"]
[EventDate "2007.04.03"]
[Round "9"]
[Result "0-1"]
[White "Jan Werle"]
[Black "Arkadij Naiditsch"]
[WhiteElo "2556"]
[BlackElo "2654"]
[PlyCount "80"]

1. Nf3 Nf6 2. c4 c5 3. Nc3 d5 4. cxd5 Nxd5 5. d4 e6 6. e3 cxd4
7. exd4 Be7 8. Bd3 b6 9. O-O Bb7 10. Ne5 O-O 11. Qh5 g6
12. Qh3 Nc6 13. Bh6 Nxd4 14. Bxf8 Bxf8 15. Nxd5 Qxd5 16. Rfe1
Bb4 17. Be4 Qxe5 18. Bxb7 Bxe1 19. Bxa8 Ne2+ 20. Kh1 Bxf2
21. Rf1 Bg3 22. Bf3 Bxh2 23. Bxe2 Qxe2 24. Qf3 Qxf3 25. Rxf3
Bd6 26. Kg1 Bc5+ 27. Kf1 h5 28. Ke2 Kg7 29. Kd3 f5 30. Kc4 a5
31. a3 g5 32. b4 axb4 33. axb4 g4 34. Rf1 Be7 35. Kb5 h4
36. Rb1 f4 37. Kxb6 f3 38. gxf3 g3 39. Kc6 g2 40. b5 Bd8 0-1

[Event "European Individual Championships"]
[Site "Dresden GER"]
[Date "2007.04.14"]
[EventDate "2007.04.03"]
[Round "11"]
[Result "1/2-1/2"]
[White "Igor Kurnosov"]
[Black "Arkadij Naiditsch"]
[WhiteElo "2566"]
[BlackElo "2654"]
[PlyCount "126"]

1. e4 e5 2. Nf3 Nc6 3. Bb5 a6 4. Ba4 Nf6 5. O-O Be7 6. Re1 b5
7. Bb3 d6 8. c3 O-O 9. h3 Rb8 10. d4 exd4 11. cxd4 d5 12. e5
Ne4 13. Nbd2 Bf5 14. Nf1 Na5 15. Bc2 c5 16. dxc5 Bxc5 17. Be3
Bb4 18. Re2 Bg6 19. Nd4 Be7 20. f3 Ng5 21. f4 Bxc2 22. Rxc2
Ne4 23. Nf5 Re8 24. Nxe7+ Rxe7 25. Bd4 Rc7 26. Rac1 Rbc8
27. Bb6 Rxc2 28. Bxd8 Rxc1 29. Qxd5 Nc6 30. Bh4 Nc5 31. Qd2
Rc4 32. Ne3 Rxf4 33. Bf2 Rd4 34. Qe2 Re4 35. Qc2 Nd4 36. Qd1
Nce6 37. Kh2 Rxe5 38. a4 h5 39. axb5 axb5 40. Qa1 Nf5 41. b4
f6 42. Qa6 Re8 43. Nxf5 Rxf5 44. Qc6 Kf7 45. Bc5 Nxc5 46. bxc5
Re7 47. Qxb5 Rc7 48. Qb3+ Ke7 49. Qg3 Rfxc5 50. Qxg7+ Ke6
51. Qg8+ Kf5 52. h4 Re5 53. Kh3 Rc3+ 54. g3 Rc7 55. Kg2 Ree7
56. Kh3 Rf7 57. Kg2 Rcd7 58. Kh3 Rg7 59. Qe8 Rh7 60. Qg8 Rde7
61. g4+ hxg4+ 62. Qxg4+ Ke5 63. Qe2+ Kd6 1/2-1/2

[Event "Baku Chess Festival"]
[Site "Baku AZE"]
[Date "2007.05.03"]
[EventDate "2007.05.03"]
[Round "1"]
[Result "0-1"]
[White "Afag Khudaverdieva"]
[Black "Arkadij Naiditsch"]
[WhiteElo "2163"]
[BlackElo "2654"]
[PlyCount "36"]

1. d4 Nf6 2. c4 e6 3. Nc3 Bb4 4. Qc2 c5 5. dxc5 Qc7 6. Nf3
Bxc5 7. e3 a6 8. Be2 b6 9. O-O Bb7 10. b3 Ng4 11. Ne4 f5
12. Ng3 h5 13. Rd1 Nc6 14. Bb2 O-O-O 15. Nf1 f4 16. Bd4 fxe3
17. Bxc5 bxc5 18. Nxe3 Nd4 0-1

[Event "Baku Chess Festival"]
[Site "Baku AZE"]
[Date "2007.05.04"]
[EventDate "2007.05.03"]
[Round "2"]
[Result "1/2-1/2"]
[White "Arkadij Naiditsch"]
[Black "Iveri Chighladze"]
[WhiteElo "2654"]
[BlackElo "2346"]
[PlyCount "91"]

1. e4 Nf6 2. e5 Nd5 3. d4 d6 4. c4 Nb6 5. exd6 exd6 6. Nc3 g6
7. Bd3 Bg7 8. Nge2 O-O 9. b3 Nc6 10. Be3 Ne7 11. Qd2 Bf5
12. Ng3 Bxd3 13. Qxd3 d5 14. c5 Nd7 15. O-O b6 16. cxb6 axb6
17. Bg5 c6 18. Rfe1 Re8 19. Qe3 Nf5 20. Qd2 Rxe1+ 21. Rxe1 Bf6
22. Bxf6 Qxf6 23. Nxf5 Qxf5 24. a4 Nf6 25. h3 Kg7 26. Re7 Re8
27. g4 Qf3 28. Qe3 Qxe3 29. Rxe3 Kf8 30. Kg2 g5 31. Kf3 Re7
32. Ke2 h5 33. f3 Rxe3+ 34. Kxe3 hxg4 35. hxg4 Nd7 36. b4 Ke7
37. a5 b5 38. Ne2 Nb8 39. Nc1 Kd6 40. Nd3 Na6 41. f4 f6
42. fxg5 fxg5 43. Nc5 Nc7 44. a6 Na8 45. Kd3 Nc7 46. Kc3
1/2-1/2

[Event "Baku Chess Festival"]
[Site "Baku AZE"]
[Date "2007.05.06"]
[EventDate "2007.05.03"]
[Round "4"]
[Result "0-1"]
[White "Arkadij Naiditsch"]
[Black "Stanislav Savchenko"]
[WhiteElo "2654"]
[BlackElo "2545"]
[PlyCount "108"]

1. c4 e5 2. Nc3 Nc6 3. Nf3 Nf6 4. d4 exd4 5. Nxd4 Bb4 6. Bg5
O-O 7. e3 h6 8. Bh4 Re8 9. Nxc6 bxc6 10. Bd3 Bxc3+ 11. bxc3 c5
12. Rb1 d6 13. O-O Bd7 14. Qf3 g5 15. Bg3 Bg4 16. Qb7 Rb8
17. Qa6 Qc8 18. Qa4 Bd7 19. Qc2 Rxb1 20. Rxb1 Bc6 21. Re1 Ne4
22. f3 Nxg3 23. hxg3 Qe6 24. Kf2 Kg7 25. Qc1 a5 26. e4 a4
27. Qe3 Qf6 28. Bc2 Qe6 29. Qe2 Qe5 30. Qd3 Kf8 31. a3 Kg7
32. Rh1 Re7 33. g4 Re8 34. g3 Rb8 35. Rb1 Rh8 36. Qe3 h5
37. gxh5 Rxh5 38. Kg2 f5 39. Rh1 Kh6 40. Qxg5+ Kxg5 41. f4+
Qxf4 42. gxf4+ Kg6 43. Rxh5 Kxh5 44. Kf3 Bxe4+ 45. Bxe4 fxe4+
46. Kxe4 Kg4 47. f5 Kg5 48. Kd5 Kxf5 49. Kc6 Ke4 50. Kxc7 Kd3
51. Kxd6 Kxc4 52. Kc6 Kb3 53. Kxc5 Kxa3 54. c4 Kb3 0-1

[Event "Baku Chess Festival"]
[Site "Baku AZE"]
[Date "2007.05.07"]
[EventDate "2007.05.03"]
[Round "5"]
[Result "0-1"]
[White "Turkan Mamedjarova"]
[Black "Arkadij Naiditsch"]
[WhiteElo "2293"]
[BlackElo "2654"]
[PlyCount "76"]

1. d4 Nf6 2. c4 e6 3. Nf3 Bb4+ 4. Bd2 Qe7 5. g3 Nc6 6. Bg2
Bxd2+ 7. Nbxd2 d6 8. O-O a5 9. e4 e5 10. d5 Nb8 11. Ne1 O-O
12. Nd3 Na6 13. f4 c6 14. f5 cxd5 15. cxd5 Bd7 16. Nc4 Bb5
17. b3 Bxc4 18. bxc4 Qc7 19. Rc1 Nb4 20. Nxb4 axb4 21. Qe2
Qc5+ 22. Kh1 Ra3 23. Bf3 Rfa8 24. Rc2 Re3 25. Qg2 Qd4 26. Rd1
Qxd1+ 27. Bxd1 Re1+ 28. Qg1 Rxg1+ 29. Kxg1 Nxe4 30. Rb2 Nc5
31. Kf1 Kf8 32. Bc2 Ra3 33. Bd1 Ke7 34. g4 Kf6 35. h4 e4
36. g5+ Ke5 37. h5 Rg3 38. g6 hxg6 0-1

[Event "Baku Chess Festival"]
[Site "Baku AZE"]
[Date "2007.05.08"]
[EventDate "2007.05.03"]
[Round "6"]
[Result "0-1"]
[White "Salome Melia"]
[Black "Arkadij Naiditsch"]
[WhiteElo "2396"]
[BlackElo "2654"]
[PlyCount "96"]

1. e4 c5 2. Nf3 e6 3. d4 cxd4 4. Nxd4 a6 5. Bd3 Bc5 6. Nb3 Ba7
7. Qe2 Nc6 8. Be3 Nge7 9. N1d2 O-O 10. O-O e5 11. Bxa7 Rxa7
12. Nc4 d6 13. Rad1 Be6 14. Ne3 b5 15. c3 Qb8 16. Rd2 Rd8
17. Rfd1 h6 18. Bb1 a5 19. Nd5 a4 20. Nc1 Na5 21. b3 Bxd5
22. exd5 f5 23. Qe3 Rc7 24. Qh3 Qc8 25. Rd3 e4 26. Re3 Ng6
27. Ne2 Rf8 28. Rg3 Kh7 29. b4 Nc4 30. Nd4 Re7 31. Qh5 Rf6
32. Rxg6 Rxg6 33. Qxf5 Qxf5 34. Nxf5 Re5 35. Ng3 Kh8 36. Nxe4
Nb6 37. g3 Rxd5 38. Rf1 Re6 39. f4 Nc4 40. Kh1 Nd2 41. Nxd2
Rxd2 42. Rc1 Ree2 43. Kg1 Rg2+ 44. Kf1 d5 45. Bd3 Rxh2 46. Kg1
Rdg2+ 47. Kf1 Rxa2 48. Kg1 Rag2+ 0-1

[Event "Baku Chess Festival"]
[Site "Baku AZE"]
[Date "2007.05.10"]
[EventDate "2007.05.03"]
[Round "8"]
[Result "1-0"]
[White "Arkadij Naiditsch"]
[Black "Rauf Mamedov"]
[WhiteElo "2654"]
[BlackElo "2584"]
[PlyCount "125"]

1. e4 c5 2. Nf3 Nc6 3. d4 cxd4 4. Nxd4 Nf6 5. Nc3 d6 6. Bg5
Qa5 7. Bxf6 gxf6 8. Nb3 Qc7 9. Nd5 Qd8 10. Qh5 Bg7 11. O-O-O
O-O 12. f4 e6 13. Ne3 a5 14. Ng4 f5 15. exf5 exf5 16. Nh6+
Bxh6 17. Qxh6 Kh8 18. Qxd6 Qxd6 19. Rxd6 Be6 20. Nd4 Nxd4
21. Rxd4 Rac8 22. a4 Rc5 23. Bd3 Kg7 24. Re1 h5 25. Re5 Rxe5
26. fxe5 Rc8 27. Kd2 Rc5 28. Be2 Bd5 29. Bf3 Bxf3 30. gxf3
Rxe5 31. f4 Re4 32. c3 h4 33. h3 Kg6 34. Kd3 Re1 35. Kc4 Re3
36. Rd3 Re4+ 37. Kb5 Rxf4 38. Kxa5 Re4 39. Rd1 Rc4 40. Kb5 Rc6
41. Rd7 f4 42. Rxb7 f3 43. Rd7 f2 44. Rd1 Re6 45. Rf1 Re2
46. b4 Kf5 47. a5 Kf4 48. a6 Kg3 49. a7 Ra2 50. Kb6 Ra4 51. b5
Kg2 52. Rxf2+ Kxf2 53. c4 f5 54. c5 f4 55. c6 f3 56. c7 Kg1
57. c8=Q f2 58. Qc5 Kg2 59. Qc2 Ra1 60. Kb7 Kg1 61. Qc5 Kh1
62. Qxf2 Rxa7+ 63. Qxa7 1-0

[Event "Dortmund"]
[Site "Dortmund, Germany"]
[Date "2007.06.27"]
[EventDate "2007.06.22"]
[Round "4"]
[Result "1-0"]
[White "Viswanathan Anand"]
[Black "Arkadij Naiditsch"]
[WhiteElo "2803"]
[BlackElo "2657"]
[PlyCount "113"]

1.e4 e5 2.Nf3 Nc6 3.Bb5 a6 4.Ba4 Nf6 5.O-O Bc5 6.c3 b5 7.Bb3
d6 8.d4 Bb6 9.a4 Bg4 10.h3 Bh5 11.axb5 axb5 12.Rxa8 Qxa8 13.d5
Na5 14.Bc2 c6 15.dxc6 Qxc6 16.Re1 h6 17.Qe2 O-O 18.Na3 Nc4
19.Nxc4 bxc4 20.g4 Bg6 21.Nh4 d5 22.exd5 Nxd5 23.Be4 Qc5
24.Bxd5 Qxd5 25.Qxe5 Qxe5 26.Rxe5 Bd3 27.Nf5 Ra8 28.Kg2 Ra5
29.Re8+ Kh7 30.Nd6 f6 31.Be3 Ra6 32.Nb5 Bxe3 33.Rxe3 Rb6
34.Nd4 Rxb2 35.Re7 h5 36.Ne6 hxg4 37.Rxg7+ Kh6 38.hxg4 Re2
39.Re7 Be4+ 40.Kg3 Rc2 41.Nf8 Bd3 42.f4 Rc1 43.Rf7 Rg1+ 44.Kh3
Rh1+ 45.Kg2 Be4+ 46.Kf2 Rh3 47.Ne6 Rf3+ 48.Ke2 Kg6 49.Rg7+ Kh6
50.f5 Rxc3 51.Rg6+ Kh7 52.Rxf6 Bf3+ 53.Kf2 Bxg4 54.Ng5+ Kg8
55.Rg6+ Kf8 56.Nh7+ Kf7 57.Rxg4 1-0

[Event "Dortmund"]
[Site "Dortmund GER"]
[Date "2007.07.01"]
[EventDate "2007.06.23"]
[Round "7"]
[Result "1/2-1/2"]
[White "Arkadij Naiditsch"]
[Black "Boris Gelfand"]
[WhiteElo "2654"]
[BlackElo "2733"]
[PlyCount "87"]

1. e4 c5 2. Nf3 d6 3. d4 cxd4 4. Nxd4 Nf6 5. Nc3 a6 6. Be3 e5
7. Nb3 Be6 8. Be2 Be7 9. O-O O-O 10. Qd2 Nbd7 11. a4 Rc8
12. a5 Qc7 13. Rfd1 Nc5 14. Nxc5 dxc5 15. f3 Rfd8 16. Qe1 Rxd1
17. Bxd1 c4 18. Na4 Nd7 19. Be2 Qc6 20. Kh1 h6 21. h3 Kh7
22. Bd2 Qd6 23. Bc3 Kg8 24. Bf1 Kh7 25. Qd1 Qc6 26. Qe1 Qd6
27. Kh2 Kg8 28. g3 g5 29. Bg2 f6 30. h4 Kh7 31. h5 g4 32. Qe3
Rg8 33. fxg4 Bxg4 34. Bf3 Qc6 35. Bd2 f5 36. Bxg4 Rxg4 37. Qf3
Qxe4 38. Qxe4 Rxe4 39. Nc3 Rg4 40. Rf1 f4 41. gxf4 Rh4+
42. Kg2 Rxh5 43. Nd5 Bd8 44. Ne3 1/2-1/2

[Event "TCh-FRA Top 16"]
[Site "Montpellier FRA"]
[Date "2007.04.30"]
[EventDate "2007.04.28"]
[Round "6"]
[Result "1/2-1/2"]
[White "Sebastien Feller"]
[Black "Arkadij Naiditsch"]
[WhiteElo "2445"]
[BlackElo "2654"]
[PlyCount "123"]

1.d4 Nf6 2.c4 e6 3.Nf3 c5 4.d5 b5 5.Bg5 exd5 6.cxd5 d6 7.e4 a6
8.a4 Be7 9. Nbd2 Nxd5 10.Bxe7 Qxe7 11.axb5 O-O 12.Bc4 Nb6
13.O-O Bb7 14.Re1 Rd8 15. bxa6 Nxa6 16.Bxa6 Bxa6 17.Qc2 Nd7
18.Ra3 Bb5 19.Rea1 Rxa3 20.Rxa3 Rb8 21. Rb3 Qe8 22.h3 h6
23.Nh4 Rb6 24.Nf5 Ba4 25.Qc3 Qe5 26.Qxe5 dxe5 27.Rxb6 Nxb6
28.f3 Kf8 29.Kf2 Bd7 30.Ne3 Be6 31.b3 h5 32.h4 Ke7 33.Ke2 f6
34.Kd3 Na8 35.Nc2 Nb6 36.Na3 g5 37.hxg5 fxg5 38.Nac4 Nd7
39.Kc3 Kf6 40.b4 Bxc4 41.Nxc4 cxb4+ 42.Kxb4 Nf8 43.Ne3 Ne6
44.Kc3 g4 45.Kd2 Kg5 46.fxg4 hxg4 47. Nd5 Kh4 48.Nf6 Kg3
49.Kd3 Nf4+ 50.Kc4 Kh4 51.Nd7 g3 52.Nxe5 Nxg2 53.Nf3+ Kg4
54.Ng1 Nf4 55.Kd4 g2 56.Ke3 Kg3 57.e5 Ne6 58.Ne2+ Kh3 59.Ke4
Kh2 60. Kf5 Ng7+ 61.Kg6 Ne6 62.Kf5 1/2-1/2